| 000 | 00549nam a22001937a 4500 | ||
|---|---|---|---|
| 005 | 20210420061904.0 | ||
| 008 | 201126b2010 ||||| |||| 00| 0 eng d | ||
| 020 | _a9781154734386 | ||
| 040 | _cDLC | ||
| 041 | _aeng | ||
| 080 |
_a61(09) _bP-97 |
||
| 100 |
_9383 _aPushmann,Theodor |
||
| 245 | _aA History of Medical Edcation From the most remote to the most recent times | ||
| 260 |
_bGeneral Books _c2010 |
||
| 300 | _a433 | ||
| 650 | 0 |
_9335 _aHistory of Medicine |
|
| 653 | _aმედიცინის ისტორია | ||
| 942 |
_2udc _cBK |
||
| 999 |
_c462 _d462 |
||